| 000 | 00776nam a22002177a 4500 | ||
|---|---|---|---|
| 003 | OSt | ||
| 005 | 20260210094643.0 | ||
| 008 | 240916b ||||| |||| 00| 0 eng d | ||
| 040 | _c0 | ||
| 082 | _aDPer 371.206005 J826 Winter-Spring 2023 v. 48 n. 3-4 | ||
| 100 |
_aThro, William E. _eauthor. _961165 |
||
| 245 |
_aEducation finance and the American proposition / _cWilliam E. Thro. |
||
| 260 |
_aIllinois ; _bUniversity of Illinois Press , _cSpring 2023. |
||
| 300 |
_aVolume 48, pages 335-348 : _c26 cm. |
||
| 500 | _aJournal of Education Finance, vol. 48, no. 4, pages 335-348, Spring 2023 | ||
| 650 | 0 |
_aEducational finance. _964880 |
|
| 650 | 0 |
_aPrinciples. _968021 |
|
| 650 | 0 |
_aLimitation. _968022 |
|
| 700 |
_aThro, William E. _eauthor. _961165 |
||
| 942 |
_2ddc _cPER |
||
| 999 |
_c21683 _d21683 |
||